Language Quiz

Random Language Quiz

EXAMEN - c11 Quiz Stats

 Plays Quiz not verified by Sporcle

Also try: USA Quiz
Challenge
Share
Tweet
Embed
Score 0/100 Timer 20:00
0 Plays Today
Ingles Espanol % Correct
airplaneavion
76.6%
airportaeropuerto
74.2%
agentagente
72.4%
passportpasaporte
69.3%
ticketboleto
66.5%
destinationdestino
63%
to putponer
59.4%
to put, to placeponer
59.4%
suitcasemaleta
58.7%
counter, signmostrador
57.1%
pilotpiloto
57.1%
I used to beera
54.7%
He/She used to beera
54.7%
I used to goiba
54.4%
He/She used to go iba
54.4%
We used to goibamos
52.5%
You used to beeras
52.3%
we used to beeramos
52.2%
They used to beeran
52.2%
You used to goibas
52.2%
to hearoir
52.1%
They used to goiban
52.1%
to openabrir
51.7%
to winganar
51.3%
to know (facts, info)saber
49.8%
to jumpsaltar
49.6%
boarding passtarjeta
49.6%
passengerpasajero
49.5%
to liementir
49.2%
porter, luggage carriermaletero
49.2%
huge, enormousenorme
48%
countrypais
47.8%
to know (people)conocer
47.4%
luggageequipaje
46.8%
Ingles Espanol % Correct
securityseguridad
46.6%
to ride (a horse)montar
45.9%
to fallcaer
45.6%
to comevenir
45.3%
He atecomia
44.4%
to flee, to run awayhuir
44.2%
treearbol
44.1%
gate of departurepuerta de salida
43.8%
I livedvivia
42.8%
to say, to telldecir
42.5%
I hadtenia
42.1%
When I was 13 years old...tenia
42.1%
customsaduana
41.9%
to kissbesar
41.2%
marriedcasado
41%
to diemorir
40.8%
page (paper)pagina
40.5%
stormtormenta
40.4%
enough, sufficientsuficiente
40.1%
I used to playjugaba
39.5%
We used to worktrabajabamos
39.5%
He wroteescribia
39.3%
You used to speakhablabas
38.8%
to boardabordar
38.2%
to bringtraer
37.9%
I used to seeveia
37.2%
to permit, allowpermitir
36.8%
We atecomiamos
36.5%
to washlavar
36.4%
to end, to finishterminar
36%
baggage claimreclamo de equipaje
35.9%
newspaperperiodico
35.8%
We were (estar)estabamos
35.6%
to depart, disembarkdesembarcar
35.5%
Ingles Espanol % Correct
pregnantembarazada
35.5%
to ask, to requestpedir
35.5%
tearlagrima
35.4%
to inspectinspeccionar
35.3%
to rememberrecordar
35.1%
to cryllorar
34%
We used to win ganabamos
33.3%
to growcrecer
33%
I used to saydecia
32.9%
They learnedaprendian
32.6%
to closecerrar
32.5%
flight attendantasistente de vuelo
32.4%
to breakromper
32.4%
foreignerextranjero
32.2%
to take a triphacer un viaje
32.1%
answerrespuesta
31.7%
to check in luggagefacturar
31.5%
to feelsentir
30.2%
to turn offapagar
30.1%
to trytratar de
29.7%
to take offdespegar
29.7%
embarrasedavergonzado
29.4%
to answercontestar
29.3%
We used to dohaciamos
29.1%
to offerofrecer
29.1%
to turn onprender
28.8%
to thinkpensar
28.7%
I grew upcrecia
28.5%
to landaterrizar
27.7%
to findencontrar
27.7%
to wait, to hopeesperar
24.3%
to hold, hold onaguantar
22.5%

You're not logged in!

Compare scores with friends on all Sporcle quizzes.
Join for Free
OR
Log In

You Might Also Like...

Show Comments

Extras

Created Mar 19, 2013ReportNominate
Tags:español, ingle

Top Quizzes Today


Score Distribution

Your Account Isn't Verified!

In order to create a playlist on Sporcle, you need to verify the email address you used during registration. Go to your Sporcle Settings to finish the process.

Report this User

Report this user for behavior that violates our Community Guidelines.

Details: